[Event "Moscow Open 2009 C"]
[Site "?"]
[Date "2009.02.08"]
[Round "9.25"]
[White "Ubiennykh, Ekaterina"]
[Black "Chernyshova, Natalia"]
[Result "1-0"]
[WhiteElo "2285"]
[BlackElo "1951"]
[Annotator ""]
[Source ""]
[Remark ""]

1.e4 c5 2.Nf3 Nc6 3.Nc3 d6 4.d4 cxd4 5.Nxd4 Nf6 6.Bc4 Ne5 7.Be2
g6 8.h4 h5 9.Bg5 Bg7 10.Qd2 a6 11.a4 Bd7 12.Rd1 Rc8 13.b3 Rxc3
14.Qxc3 Nxe4 15.Qe3 Nxg5 16.hxg5 Qb6 17.O-O Nc6 18.Nf5 Qxe3 19.Nxe3
Nd4 20.Bd3 Ne6 21.Be4 Bc6 22.Bxc6+ bxc6 23.f4 Bd4 24.Kf2 Kd7
25.Kf3 Bxe3 26.Kxe3 Ng7 27.b4 Rb8 28.Rb1 Nf5+ 29.Kd3 d5 30.Rh1
e6 31.c3 Rb7 32.Rb2 Rb8 33.Rhb1 Nd6 34.Kd4 Nc4 35.Ra2 Kd6 36.Raa1
Nd2 37.Rb2 Nc4 38.Rba2 Rb7 39.a5 Rb8 40.Rh1 Re8 41.Re2 Re7 42.g4
hxg4 43.Rh8 Ra7 44.Rd8+ Ke7 45.Rb8 Nd6 46.Rg2 f5 47.Kc5 Ne4+
48.Kxc6 e5 49.Rh2 Ke6 50.Re8+ Re7 51.Rxe7+ Kxe7 52.Kxd5 exf4
53.Kc4 f3 54.Kd3 f4 55.Kxe4 g3 56.Rh7+ 1-0

[Event "Moscow Open 2009 C"]
[Site "?"]
[Date "2009.02.08"]
[Round "9.26"]
[White "Bogumil, Tatiana"]
[Black "Della-Rossa, Anastasia"]
[Result "1/2-1/2"]
[WhiteElo "2218"]
[BlackElo "1868"]
[Annotator ""]
[Source ""]
[Remark ""]

1.Nf3 g6 2.d4 Bg7 3.e4 d6 4.c4 e6 5.Nc3 Ne7 6.Be2 b6 7.O-O Bb7
8.Bg5 h6 9.Be3 O-O 10.Qd2 Kh7 11.Rad1 Nd7 12.Qc1 a6 13.Rfe1 Qe8
14.Bd3 Rc8 15.h4 e5 16.Nd5 Nxd5 17.cxd5 c5 18.dxc6 Bxc6 19.Qb1
Bb7 20.h5 g5 21.d5 Qd8 22.Be2 Nf6 23.Nh2 b5 24.Nf1 Ng8 25.Bg4
Ra8 26.Ng3 Ne7 27.Rc1 Bc8 28.f3 Bxg4 29.fxg4 Qd7 30.Nf5 Nxf5
31.gxf5 Rac8 32.Rxc8 Rxc8 33.Rc1 Bf6 34.Rxc8 Qxc8 35.Qc1 Qxc1+
36.Bxc1 Kg8 37.Be3 Be7 38.f6 Bxf6 39.Bb6 Kf8 40.Kf2 Ke7 41.Kf3
Kd7 42.Kg4 Bg7 43.b4 Ke8 44.Kf5 Kd7 45.a3 Ke8 1/2-1/2

[Event "Moscow Open 2009 C"]
[Site "?"]
[Date "2009.02.08"]
[Round "9.27"]
[White "Samigullina, Diana"]
[Black "Butuc, Maria"]
[Result "1/2-1/2"]
[WhiteElo "2083"]
[BlackElo "2182"]
[Annotator ""]
[Source ""]
[Remark ""]

1.d4 Nf6 2.c4 e6 3.Nc3 Bb4 4.e3 c5 5.Nge2 cxd4 6.exd4 d5 7.a3
Be7 8.cxd5 Nxd5 9.Nxd5 exd5 10.g3 O-O 11.Bg2 Nc6 12.O-O Bf6 13.Be3
Be6 14.Nc3 Qd7 15.b4 Rac8 16.Rc1 Ne7 17.Qb3 Rfd8 18.Rfd1 h6 19.Ne2
Bg4 20.f3 Bf5 21.Nf4 Nc6 22.Rc5 Be6 23.Nxe6 fxe6 24.Bh3 Ne7 25.Rdc1
b6 26.R5c2 Rxc2 27.Rxc2 Rc8 28.Bf2 Rxc2 29.Qxc2 Kf7 30.Kg2 Qc6
31.Qe2 Nf5 32.Bxf5 exf5 33.Qa6 Qd7 34.Be3 g5 1/2-1/2

[Event "Moscow Open 2009 C"]
[Site "?"]
[Date "2009.02.08"]
[Round "9.28"]
[White "Sukhareva, Evgeniya"]
[Black "Eryshkanova, Anastasiya"]
[Result "1-0"]
[WhiteElo "2178"]
[BlackElo "2055"]
[Annotator ""]
[Source ""]
[Remark ""]

1.d4 Nf6 2.c4 g6 3.Bg5 Ne4 4.Bf4 c5 5.f3 Qa5+ 6.Nd2 Nxd2 7.Bxd2
Qa6 8.dxc5 Qxc4 9.e4 Qd4 10.Ne2 Qg7 11.Nc3 e6 12.Nb5 Na6 13.Bc3
f6 14.b4 Be7 15.Bc4 O-O 16.Qb3 b6 17.cxb6 axb6 18.Rd1 Qh6 19.a3
Qe3+ 20.Be2 Nb8 21.Qb2 Qg5 22.O-O Ba6 23.f4 Qh6 24.Qb3 Kg7 25.Bd4
Bd8 26.Qe3 e5 27.fxe5 Qxe3+ 28.Bxe3 fxe5 29.Bh6+ Kxh6 30.Rxf8
Bg5 31.Kf2 Kg7 32.Re8 Kf7 33.Nd6+ 1-0

[Event "Moscow Open 2009 C"]
[Site "?"]
[Date "2009.02.08"]
[Round "9.29"]
[White "Derbentseva, Irina"]
[Black "Krasenkova, Ilena"]
[Result "1-0"]
[WhiteElo "2080"]
[BlackElo "2170"]
[Annotator ""]
[Source ""]
[Remark ""]

1.e4 Nf6 2.e5 Nd5 3.d4 e6 4.c4 Nb6 5.Nc3 d5 6.c5 N6d7 7.Nf3 b6
8.cxb6 axb6 9.Bd3 Be7 10.O-O Ba6 11.Bf4 Bxd3 12.Qxd3 O-O 13.b4
Ra3 14.Rfb1 c5 15.Bc1 c4 16.Qe3 Ra8 17.b5 Re8 18.a4 Nf8 19.Ba3
Ng6 20.g3 Nd7 21.h4 Bxa3 22.Rxa3 Qe7 23.Ra2 f5 24.h5 Ngf8 25.Kg2
h6 26.Ne2 Nh7 27.Nh4 Qg5 28.Nf4 Ra5 29.Qf3 Nhf8 30.Qa3 Qe7 31.Qc3
Rea8 32.Rba1 R8a7 33.Nf3 Kh7 34.Qc2 Kg8 35.Ne2 Qf7 36.Rh1 Qe7
37.Rha1 Nh7 38.Nh4 Ndf8 39.Nf4 Rc7 40.Nxf5 exf5 41.Nxd5 Qf7 42.Nxc7
Qxc7 43.Qxf5 Ng5 44.d5 Qc5 45.Rd1 Ra7 46.f4 Rf7 47.Qc2 Ngh7 48.Qf2
Qc8 49.e6 Nxe6 50.dxe6 Qxe6 51.Re2 Qf5 52.Rd8+ Nf8 53.Qxb6 Qxh5
54.Qe6 Kh7 55.Qxc4 Nd7 56.Qd3+ Qg6 57.Rh8+ Kxh8 58.Qxg6 Rf6 59.Re8+ 1-0

[Event "Moscow Open 2009 C"]
[Site "?"]
[Date "2009.02.08"]
[Round "9.30"]
[White "Fakhretdinova, Margarita"]
[Black "Tereshechkina, Maya"]
[Result "1-0"]
[WhiteElo "2167"]
[BlackElo "1912"]
[Annotator ""]
[Source ""]
[Remark ""]

1.e4 c5 2.b3 Nc6 3.Bb2 d6 4.Nf3 Nf6 5.Nc3 Bg4 6.Bb5 a6 7.Bxc6+
bxc6 8.h3 Bh5 9.Qe2 Bxf3 10.Qxf3 e5 11.O-O Be7 12.d3 O-O 13.Ne2
Ne8 14.Ng3 g6 15.Qg4 Ng7 16.f4 h5 17.Qf3 exf4 18.Qxf4 Bg5 19.Qf3
h4 20.Ne2 Nh5 21.Qg4 Be3+ 22.Kh2 Qg5 23.Rf3 f5 24.exf5 gxf5 25.Qxg5+
Bxg5 26.Raf1 f4 27.Kg1 Rae8 28.Kf2 Ng3 29.Re1 Re7 30.Nc3 Rfe8
31.Rxe7 Rxe7 32.Ne4 Nxe4+ 33.dxe4 Rxe4 34.Ba3 Bf6 35.Rd3 Bd4+
36.Kf3 d5 37.Bc1 Be5 38.c4 Rd4 39.Rxd4 cxd4 40.cxd5 cxd5 41.Ke2
Kf7 42.Kd3 Ke6 43.Ba3 a5 44.Bc1 Kf5 45.Bd2 Bc7 46.Kxd4 Ke6 47.Be1
Bb6+ 48.Kd3 Bd8 49.a3 Kd6 50.Bd2 Ke5 51.Bc3+ Kf5 52.Be1 Ke5 53.b4
axb4 54.axb4 Kd6 55.Bf2 Kc6 56.Bc5 Bf6 57.Bf8 Kb5 58.Bd6 Bd8
59.Kd4 Kc6 60.Bxf4 Bb6+ 61.Kd3 Kb5 62.Bd6 Bd8 63.Kd4 Kc6 64.Ke5
d4 65.b5+ Kxb5 66.Kxd4 Kc6 67.Ke5 Kd7 68.Bb4 Ke8 69.Kf5 Kf7 70.Be1
Kg7 71.Kg4 Kg6 72.Bxh4 1-0

[Event "Moscow Open 2009 C"]
[Site "?"]
[Date "2009.02.08"]
[Round "9.31"]
[White "Kharmunova, Nadejda"]
[Black "Koroteeva, Ksenia"]
[Result "1-0"]
[WhiteElo "2140"]
[BlackElo "1951"]
[Annotator ""]
[Source ""]
[Remark ""]

1.e4 c5 2.Nf3 Nc6 3.Bb5 e6 4.O-O Nge7 5.d4 cxd4 6.Nxd4 a6 7.Be2
d5 8.Nc3 Nxd4 9.Qxd4 Nc6 10.Qd1 d4 11.Nb1 Be7 12.f4 O-O 13.Nd2
b5 14.b3 Bb7 15.Bb2 Qb6 16.Kh1 Rfd8 17.a3 Rac8 18.Nf3 Qc7 19.Bd3
Qxf4 20.Nxd4 Qg5 21.Nf3 Qc5 22.Qe1 e5 23.Qg3 f6 24.Nh4 Kh8 25.Nf5
Bf8 26.Rf3 Ne7 27.Raf1 Nxf5 28.Rxf5 Qe7 29.Bxe5 fxe5 30.Rf7 Qxa3
31.Rxb7 Qd6 32.Qf2 Be7 33.Rb6 Rc6 34.Rb7 Rc7 35.Rb6 Rc6 36.Rxc6
Qxc6 37.h3 h6 38.Qg3 Qd6 39.Rf5 Bf6 40.Qg6 Rf8 41.g4 Qa3 42.Kg2
Qc5 43.Qh5 Qe7 44.h4 Qe8 45.Qxe8 Rxe8 46.g5 hxg5 47.hxg5 Bd8
48.Be2 g6 49.Rf7 Bxg5 50.Rc7 Re6 51.c4 bxc4 52.Bxc4 Rd6 53.Ra7
Rd2+ 54.Kf3 Ra2 55.Bxa6 Ra3 56.Kg4 Bf4 57.b4 Ra4 58.b5 Be3 59.Re7
Bd4 60.Kg5 Ra1 61.Kxg6 Rg1+ 62.Kf5 Rf1+ 63.Ke6 Re1 64.Bb7 Rb1
65.Bc6 Rc1 66.Rb7 Rb1 67.Kd6 Rg1 68.Bd5 Rg6+ 69.Be6 Rg1 70.Bf5 1-0

[Event "Moscow Open 2009 C"]
[Site "?"]
[Date "2009.02.08"]
[Round "9.32"]
[White "Maksimova, Alisa"]
[Black "Yakovich, Yuliya"]
[Result "0-1"]
[WhiteElo "1895"]
[BlackElo "2125"]
[Annotator ""]
[Source ""]
[Remark ""]

1.e4 e5 2.Nf3 Nc6 3.d4 exd4 4.Nxd4 Nf6 5.Nxc6 bxc6 6.Qe2 Qe7
7.e5 Nd5 8.c4 Ba6 9.b3 O-O-O 10.g3 g5 11.Bb2 Bg7 12.Nd2 Nb4 13.Kd1
c5 14.Bg2 Bb7 15.Bxb7+ Kxb7 16.Re1 Kb8 17.f4 gxf4 18.gxf4 Qh4
19.Qe3 Qxh2 20.a3 Nc6 21.Kc2 Bh6 22.Rf1 Rhg8 23.Rf2 Rg2 24.Raf1
Rdg8 25.Rf3 Re2 26.R3f2 Rxf2 27.Rxf2 Rg2 28.Rf3 Re2 29.Qd3 Qg2
30.Re3 Rf2 31.Qxd7 Nd4+ 32.Bxd4 Rxd2+ 33.Kc3 cxd4+ 34.Kb4 Qb7+
35.Ka4 dxe3 36.Qe8+ Qc8 37.Qb5+ Qb7 38.Qe8+ Rd8 39.Qxd8+ Qc8
40.Qd5 Qa6+ 41.Kb4 Qb7+ 0-1

[Event "Moscow Open 2009 C"]
[Site "?"]
[Date "2009.02.08"]
[Round "9.33"]
[White "Solovjova, Valentina"]
[Black "Gvanceladze, Anna"]
[Result "1/2-1/2"]
[WhiteElo "2324"]
[BlackElo "2070"]
[Annotator ""]
[Source ""]
[Remark ""]

1.e4 c6 2.d4 d5 3.e5 Bf5 4.Nd2 e6 5.Nb3 Nd7 6.Be3 Ne7 7.f4 h6
8.Nf3 Qc7 9.h3 Be4 10.Bd3 Bxd3 11.Qxd3 Nf5 12.Bf2 h5 13.g3 a6
14.Rg1 c5 15.c4 dxc4 16.Qxc4 Nb6 17.Qc2 c4 18.Nbd2 Rc8 19.g4
hxg4 20.hxg4 Ne7 21.Ne4 Ned5 22.f5 Nb4 23.Qd2 Nd3+ 24.Kf1 Qc6
25.Nfg5 exf5 26.gxf5 Rh2 27.Qe3 Nd5 28.Qg3 Qh6 29.e6 Qh5 30.exf7+
Kd7 31.Nf3 N5f4 32.Qg4 Qxg4 33.Rxg4 Rh1+ 34.Bg1 Rh5 35.f6 g6
36.Be3 Nd5 37.Ke2 Rf5 38.Nh4 Nxe3 39.Kxe3 Bh6+ 40.Ke2 Rf4 41.Rxf4
Nxf4+ 42.Kf3 Ke6 43.Rg1 Rh8 44.Nxg6 Nxg6 45.Rxg6 Kxf7 46.Rg1
Rd8 47.Rh1 Kg6 48.Rd1 Rd5 49.a4 Rf5+ 50.Kg3 Bg5 51.Nc5 Bxf6 52.Nxb7
Rd5 53.Kf4 Rxd4+ 54.Rxd4 Bxd4 55.Na5 Bxb2 56.Nxc4 1/2-1/2

[Event "Moscow Open 2009 C"]
[Site "?"]
[Date "2009.02.08"]
[Round "9.34"]
[White "Malinicheva, L."]
[Black "Aketaeva, Dana"]
[Result "1/2-1/2"]
[WhiteElo "2068"]
[BlackElo "2283"]
[Annotator ""]
[Source ""]
[Remark ""]

1.Nf3 Nf6 2.c4 d6 3.d4 g6 4.Nc3 Bg7 5.e4 O-O 6.Be2 e5 7.Bg5 h6
8.Bxf6 Bxf6 9.dxe5 dxe5 10.Qxd8 Bxd8 11.Nxe5 Bf6 12.Nd3 Bxc3+
13.bxc3 Re8 14.f3 Nc6 15.Nf4 Be6 16.Nd5 Rec8 17.Rb1 Rab8 18.Kf2
Kf8 19.f4 f5 20.exf5 Bxf5 21.Rb2 Ne7 22.Bf3 c6 23.Ne3 Be6 24.g4
Rd8 25.Be4 Kg7 26.a4 a5 27.Rhb1 Rd7 28.Kg3 Bf7 29.Rb6 Rc7 30.h4
Be8 31.Kf3 Nc8 32.R6b2 Nd6 33.Bd3 Rd8 34.c5 Nb5 35.Bc2 Nxc3 36.Rxb7
Rdd7 37.Rxc7 Rxc7 38.Rb8 Bf7 39.Bb3 Bxb3 40.Rxb3 Nxa4 41.Ra3
Nxc5 42.Rxa5 Nb3 43.Ra3 1/2-1/2

[Event "Moscow Open 2009 C"]
[Site "?"]
[Date "2009.02.08"]
[Round "9.35"]
[White "Fatalibekova, Elena"]
[Black "Maslova, Elena"]
[Result "0-1"]
[WhiteElo "2243"]
[BlackElo "2068"]
[Annotator ""]
[Source ""]
[Remark ""]

1.d4 d5 2.Nf3 c5 3.c4 cxd4 4.cxd5 Nf6 5.Nxd4 Nxd5 6.e4 Nb4 7.Qa4+
N8c6 8.Nxc6 Nxc6 9.Nc3 e5 10.Be3 Bb4 11.Bb5 Bd7 12.O-O Bxc3 13.bxc3
O-O 14.Qd1 Qe7 15.Qe2 a6 16.Bd3 Be6 17.Bb6 Qa3 18.Rfc1 Rac8 19.f4
exf4 20.e5 g6 21.Rc2 Ne7 22.c4 Nc6 23.Rd1 Nb4 24.Rcd2 Rc6 25.c5
Nd5 26.Be4 Nxb6 27.cxb6 Rxb6 28.Rc2 Rb4 29.Qf3 Qa4 30.Bd3 Bxa2
31.Ra1 Rb1+ 32.Rxb1 Bxb1 33.Rc4 Qb3 34.Bf1 Qxf3 35.gxf3 b5 36.Rc6
Ra8 37.Rb6 Kf8 38.Bh3 Ba2 39.Kf2 Ra7 40.Ke2 Bc4+ 41.Kd2 a5 42.Kc3
a4 0-1

[Event "Moscow Open 2009 C"]
[Site "?"]
[Date "2009.02.08"]
[Round "9.36"]
[White "Matveeva, Olga"]
[Black "Goryachkina, Aleksandra"]
[Result "1-0"]
[WhiteElo "2219"]
[BlackElo "2020"]
[Annotator ""]
[Source ""]
[Remark ""]

1.d4 Nf6 2.c4 c5 3.d5 e5 4.Nc3 d6 5.e4 g6 6.Be2 Bg7 7.h3 h5 8.Nf3
O-O 9.Bg5 Qb6 10.Qd2 Nh7 11.Be7 Re8 12.Bh4 f6 13.O-O-O Na6 14.g4
g5 15.gxh5 gxh4 16.Rdg1 Kf8 17.Rxg7 Kxg7 18.Rg1+ Kh8 19.Qh6 Rg8
20.Rxg8+ Kxg8 21.Qg6+ Kf8 22.Qxh7 Qd8 23.Nxh4 Bxh3 24.h6 Qc7
25.Ng6+ Ke8 26.Qg8+ Kd7 27.Qxa8 Nb8 28.h7 1-0

[Event "Moscow Open 2009 C"]
[Site "?"]
[Date "2009.02.08"]
[Round "9.37"]
[White "Bezgodova, Svetlana"]
[Black "Fastova, Tatiana"]
[Result "0-1"]
[WhiteElo "2214"]
[BlackElo "2005"]
[Annotator ""]
[Source ""]
[Remark ""]

1.Nf3 d5 2.g3 Nf6 3.Bg2 c6 4.O-O Bf5 5.d3 e6 6.Nbd2 Be7 7.b3
O-O 8.Bb2 Nbd7 9.c4 h6 10.a3 Bh7 11.b4 a5 12.Qb3 axb4 13.axb4
Qb6 14.Bc3 Rfc8 15.Qb2 Qc7 16.Ne5 Bxb4 17.Rxa8 Rxa8 18.Qxb4 Nxe5
19.Bxe5 Qxe5 20.Qxb7 Rb8 21.Nf3 Qd6 22.c5 Rxb7 23.cxd6 Rd7 24.Ra1
Kf8 25.e4 Ne8 26.e5 Bxd3 27.Nd4 c5 28.Nb3 c4 29.Nc5 Rd8 30.f4
Bf5 31.Rc1 Nxd6 32.exd6 Rxd6 33.Kf2 Ke7 34.Ke3 f6 35.Ra1 Rb6
36.Ra7+ Kd6 37.Nb7+ Kc6 38.Nd8+ Kc5 39.Rc7+ Kd6 40.Rxg7 Rb3+
41.Kf2 Rb2+ 42.Kg1 c3 43.Nf7+ Kc5 44.Nxh6 Bd3 45.Rc7+ Kd4 46.f5
e5 47.Bxd5 c2 48.Be6 Rb1+ 49.Kg2 c1Q 50.Rxc1 Rxc1 51.h4 e4 52.Ng4
Be2 53.Nxf6 e3 54.Nd5 Bf1+ 0-1

[Event "Moscow Open 2009 C"]
[Site "?"]
[Date "2009.02.08"]
[Round "9.38"]
[White "Grigoryeva, Olga A"]
[Black "Kostrikina, Anna"]
[Result "1-0"]
[WhiteElo "2015"]
[BlackElo "2157"]
[Annotator ""]
[Source ""]
[Remark ""]

1.d4 d5 2.c4 e6 3.Nc3 Nf6 4.cxd5 exd5 5.Bg5 c6 6.e3 Bf5 7.Qf3
Bg6 8.Bxf6 Qxf6 9.Qxf6 gxf6 10.Kd2 Nd7 11.Bd3 O-O-O 12.Nge2 Rg8
13.g3 Kb8 14.a3 Nb6 15.b3 Nc8 16.h4 h5 17.Rhb1 Nd6 18.b4 Kc8
19.a4 Be7 20.Nf4 Rde8 21.b5 Nc4+ 22.Ke2 Bd6 23.bxc6 bxc6 24.Ncxd5
cxd5 25.Nxd5 Nxe3 26.Nxe3 f5 27.Ba6+ Kd8 28.Rb7 f4 29.gxf4 Bxf4
30.Rxa7 Bf5 31.Ra8+ Kc7 32.Rxe8 Rxe8 33.Rc1+ Kb6 34.Bb5 Bxe3
35.fxe3 Rg8 36.Rc5 Be4 37.Rxh5 1-0

[Event "Moscow Open 2009 C"]
[Site "?"]
[Date "2009.02.08"]
[Round "9.39"]
[White "Dogodkina, Julia"]
[Black "Airapetian, Tatevik"]
[Result "0-1"]
[WhiteElo "2003"]
[BlackElo "2145"]
[Annotator ""]
[Source ""]
[Remark ""]

1.c4 Nf6 2.Nc3 g6 3.d4 Bg7 4.e4 d6 5.f3 O-O 6.Be3 e5 7.d5 Nh5
8.Qd2 f5 9.O-O-O a5 10.Bd3 Na6 11.Nge2 Nc5 12.Bc2 Nf6 13.Kb1
Bd7 14.Rhe1 fxe4 15.fxe4 Ng4 16.Bg5 Qe8 17.h3 Nf6 18.g4 b5 19.cxb5
Bxb5 20.Nxb5 Qxb5 21.Nc3 Qb4 22.a3 Qb7 23.a4 Nb3 24.Bxb3 Qxb3
25.Qc2 Rab8 26.Qxb3 Rxb3 27.Ka2 Rb4 28.b3 Nd7 29.Nb5 Rf3 30.Rb1
Nc5 31.Bd2 Rbxb3 32.Rxb3 Rxb3 33.Bxa5 Rxh3 34.Bxc7 Nxa4 35.Bxd6
Rg3 36.Rc1 Bf6 37.Rc8+ Kf7 38.Bf8 g5 39.Nd6+ Kg6 40.Rc6 Rxg4
41.Kb3 h5 42.Ne8 Rf4 43.Bg7 Nc5+ 44.Rxc5 Bxg7 45.d6 Rxe4 46.Rd5
Bf8 47.d7 Be7 48.Nd6 Re1 49.Nc4 Kf5 50.Rd6 h4 51.Rh6 g4 52.Nd6+
Kf4 53.Rh7 Bg5 54.Rg7 Bd8 55.Nf7 Bc7 56.Nh6 g3 57.Rg4+ Kf3 58.Rxh4
g2 59.Rh3+ Ke4 0-1

[Event "Moscow Open 2009 C"]
[Site "?"]
[Date "2009.02.08"]
[Round "9.40"]
[White "Blokhina, Elvira"]
[Black "Kushka, Alena"]
[Result "0-1"]
[WhiteElo "1996"]
[BlackElo "2124"]
[Annotator ""]
[Source ""]
[Remark ""]

1.d4 Nf6 2.c4 c5 3.d5 d6 4.Nc3 g6 5.e4 Bg7 6.Nf3 O-O 7.Bd3 e6
8.O-O exd5 9.exd5 Bg4 10.h3 Bxf3 11.Qxf3 Nbd7 12.Qg3 Ne5 13.Be2
a6 14.a4 b6 15.Bg5 Qc7 16.h4 Ned7 17.h5 Rfe8 18.hxg6 hxg6 19.Qh4
Nh7 20.Be3 Re5 21.Qg3 Rae8 22.Rae1 g5 23.Bd3 f5 24.Bd2 Ndf6 25.Rxe5
Rxe5 26.Bxg5 Nh5 27.Qh4 Nxg5 28.Qxg5 f4 29.Qg6 Nf6 30.Bf5 Qe7
31.Qg5 f3 32.Qf4 fxg2 33.Kxg2 Nh5 34.Qf3 Qg5+ 35.Bg4 Nf4+ 36.Kg1
Qh4 37.Qxf4 Rg5 38.f3 Bd4+ 39.Kg2 Be5 40.Qxg5+ Qxg5 41.Ne4 Qf4
42.Rh1 Qe3 43.Be6+ Kg7 44.Rg1 Bd4 45.Rb1 Qe2+ 46.Kg3 Be5+ 47.Kh4
Qh2+ 48.Bh3 Kg6 49.f4 Qxf4+ 50.Bg4 Qxe4 0-1

[Event "Moscow Open 2009 C"]
[Site "?"]
[Date "2009.02.08"]
[Round "9.41"]
[White "Baraeva, Irina"]
[Black "Rassokhina, Ekaterina"]
[Result "1-0"]
[WhiteElo "1997"]
[BlackElo "2106"]
[Annotator ""]
[Source ""]
[Remark ""]

1.d4 d5 2.c4 e6 3.Nf3 Nf6 4.Nc3 Be7 5.Bg5 O-O 6.e3 Nbd7 7.cxd5
Nxd5 8.Bxe7 Qxe7 9.Bd3 Nxc3 10.bxc3 e5 11.Qc2 h6 12.O-O Re8 13.Nd2
Nf6 14.e4 Nh5 15.g3 Bh3 16.Rfe1 Rad8 17.Nb3 Qf6 18.Bf1 Bxf1 19.Kxf1
Qf3 20.Kg1 Rd6 21.Qe2 Qxe2 22.Rxe2 Nf6 23.f3 Rc6 24.Rc1 b6 25.d5
Rd6 26.c4 c5 27.Nd2 Rdd8 28.Rb1 Rb8 29.f4 Nd7 30.Nf3 f6 31.Nh4
Kh7 32.Nf5 g6 33.Nd6 Re7 34.Nb5 Nf8 35.Rf1 Kg7 36.fxe5 fxe5 37.Ref2
Nh7 38.a4 Ng5 39.Re2 Rf8 40.Rxf8 Kxf8 41.Kg2 Rf7 42.Re3 a6 43.Nd6
Rf6 44.Nc8 Ke8 45.h4 Nf7 46.Rb3 Nd6 47.Nxd6+ Rxd6 48.a5 Kd7 49.axb6
Kc8 50.b7+ Kb8 51.Kf3 h5 52.Ke3 g5 53.hxg5 Rg6 54.Kf3 Rxg5 55.Rb6
Rg7 56.Rxa6 Rxb7 57.Re6 Rb3+ 58.Kg2 Rc3 59.Rxe5 Rxc4 60.Kf3 Rc3+
61.Kf4 c4 62.Rxh5 Rd3 63.Rh6 c3 64.Rc6 1-0

[Event "Moscow Open 2009 C"]
[Site "?"]
[Date "2009.02.08"]
[Round "9.42"]
[White "Pischurina, Ekaterina"]
[Black "Bezgodova, Maria"]
[Result "1/2-1/2"]
[WhiteElo "1991"]
[BlackElo "2101"]
[Annotator ""]
[Source ""]
[Remark ""]

1.e4 e5 2.Nf3 Nc6 3.Nc3 Nf6 4.d4 exd4 5.Nxd4 Bb4 6.Nxc6 bxc6
7.Bd3 d5 8.exd5 cxd5 9.Qe2+ Qe7 10.Qxe7+ Kxe7 11.a3 Bc5 12.Bg5
c6 13.f3 h6 14.Bf4 Rd8 15.Kd2 Kf8 16.Rae1 Be6 17.Na4 Bd6 18.Bxd6+
Rxd6 19.Nc5 Rb8 20.b4 Nd7 21.Nxd7+ Bxd7 22.Re5 Re6 23.Rhe1 Ke7 1/2-1/2

[Event "Moscow Open 2009 C"]
[Site "?"]
[Date "2009.02.08"]
[Round "9.43"]
[White "Kalmykova, Anastasia"]
[Black "Anu, Bayar"]
[Result "1/2-1/2"]
[WhiteElo "2100"]
[BlackElo "1830"]
[Annotator ""]
[Source ""]
[Remark ""]

1.e4 c5 2.Nf3 a6 3.d4 cxd4 4.Nxd4 e5 5.Nf5 d5 6.Ng3 Nf6 7.exd5
Qxd5 8.Qe2 Be7 9.Nc3 Qa5 10.Nh5 O-O 11.Nxf6+ Bxf6 12.Qe4 Rd8
13.Bd3 g6 14.Bd2 Qc5 15.Qf3 Be7 16.h4 f5 17.h5 e4 18.Nxe4 fxe4
19.Qxe4 Rd4 20.Qe3 g5 21.O-O-O Rg4 22.Qe2 Nc6 23.f4 Nd4 24.Bc4+
Kf8 25.Qf1 Bf5 26.fxg5 Rc8 27.Bc3 Bxg5+ 28.Kb1 Nxc2 29.Rd5 Ne3+
30.Rxf5+ Qxf5+ 31.Qxf5+ Nxf5 32.Be6 Rxc3 33.bxc3 Rf4 34.Rd1 Ne3
35.Rd7 Rf6 36.Bb3 b5 37.Rxh7 Rf1+ 38.Kb2 Rf2+ 39.Kb1 Rf1+ 40.Kb2
Rf2+ 41.Kb1 Rf1+ 1/2-1/2

[Event "Moscow Open 2009 C"]
[Site "?"]
[Date "2009.02.08"]
[Round "9.44"]
[White "Styazhkina, Anna"]
[Black "Sukhareva, Valentina"]
[Result "1-0"]
[WhiteElo "1926"]
[BlackElo "2078"]
[Annotator ""]
[Source ""]
[Remark ""]

1.e4 e5 2.Nf3 d6 3.d4 Nd7 4.Bc4 c6 5.O-O Be7 6.dxe5 dxe5 7.Ng5
Bxg5 8.Qh5 Qe7 9.Qxg5 Ngf6 10.Nc3 Nf8 11.Be3 Ng6 12.f3 h6 13.Qg3
Nh5 14.Qf2 b6 15.Ne2 Nhf4 16.Bxf4 exf4 17.Nd4 Ne5 18.Bb3 Qf6
19.Rad1 Ba6 20.Rfe1 O-O 21.a3 g6 22.Ba2 c5 23.Ne2 Bc4 24.Bxc4
Nxc4 25.Nc3 Nxb2 26.Nd5 Qe5 27.Rb1 g5 28.g3 fxg3 29.hxg3 Nc4
30.Kg2 Nxa3 31.Rb3 Nc4 32.f4 Qd4 33.Qf3 Nd2 34.Qh5 Nxe4 35.Ne7+
Kh7 36.Rbe3 Nxg3 37.Rxg3 Qxf4 38.Rf3 Qh4 39.Rxf7+ Kh8 40.Rxf8+
Rxf8 41.Ng6+ 1-0

[Event "Moscow Open 2009 C"]
[Site "?"]
[Date "2009.02.08"]
[Round "9.45"]
[White "Severina, Maria"]
[Black "Yakupova, Aysyla"]
[Result "1-0"]
[WhiteElo "1940"]
[BlackElo "2076"]
[Annotator ""]
[Source ""]
[Remark ""]

1.Nf3 d5 2.d4 Nf6 3.c4 e6 4.cxd5 exd5 5.Bg5 Be7 6.Qc2 O-O 7.e3
c6 8.Bd3 h6 9.Bh4 Nbd7 10.Nc3 Re8 11.O-O Ne4 12.Bxe7 Qxe7 13.Rab1
a5 14.a3 h5 15.Rbe1 Ndf6 16.Ne5 Nxc3 17.Qxc3 Ng4 18.f4 Qh4 19.Nf3
Qf6 20.Ne5 Qh4 21.Nxg4 hxg4 22.g3 Qh5 23.f5 Qg5 24.Rf4 Bd7 25.e4
dxe4 26.Rexe4 Rxe4 27.Bxe4 Qf6 28.Rxg4 Bxf5 29.Rf4 g6 30.Bxf5
gxf5 31.Qe3 Qe6 32.Qf2 Re8 33.Rxf5 Qe1+ 34.Qxe1 Rxe1+ 35.Kg2
Rd1 36.Rxa5 Rxd4 37.b4 Rd2+ 38.Kh3 Ra2 39.Ra7 Kg7 40.g4 Rb2 41.Kg3
Rb3+ 42.Kf4 Rh3 43.a4 Ra3 44.Rxb7 Rxa4 45.Kf5 Ra2 46.h4 Rf2+
47.Kg5 Rd2 48.h5 Rd5+ 49.Kf4 Rd4+ 50.Kf5 Rd5+ 51.Ke4 Rg5 52.Kf4
Rd5 53.Ke3 Rg5 54.Kf3 Rd5 55.Kf4 Rd1 56.Rb6 Rd5 57.Ke3 Rg5 58.Kf3
Rd5 59.Rxc6 Rd3+ 60.Ke4 Rb3 61.Rc4 Rb1 62.Kd5 1-0

[Event "Moscow Open 2009 C"]
[Site "?"]
[Date "2009.02.08"]
[Round "9.46"]
[White "Karpova, Lyudmila"]
[Black "Kurmaeva, Nailia"]
[Result "1/2-1/2"]
[WhiteElo "2131"]
[BlackElo "1400"]
[Annotator ""]
[Source ""]
[Remark ""]

1.e4 c5 2.Nf3 Nc6 3.d3 e6 4.Nbd2 Qc7 5.g3 Nf6 6.Bg2 d5 7.O-O
dxe4 8.dxe4 Be7 9.Re1 b5 10.e5 Nd5 11.c4 bxc4 12.Nxc4 Bb7 13.Bg5
O-O 14.Bxe7 Ncxe7 15.Nd6 Nc8 16.Nxb7 Qxb7 17.Qc2 Qe7 18.Rac1
Rb8 19.a3 c4 20.Qxc4 Ncb6 21.Qe2 a5 22.Nd4 Ra8 23.Rc2 h6 24.Rec1
Qd7 25.Qe4 a4 26.Bf1 g6 27.Bb5 Qe7 28.Rc6 Kh7 29.h4 h5 30.Rd6
Rac8 31.Rcc6 Rxc6 32.Nxc6 Qc7 33.Bxa4 Nc8 34.Rxd5 exd5 35.Qxd5
Nb6 36.Qc5 Rc8 37.Bb5 Nd7 38.Qd6 Nxe5 39.Qxc7 Rxc7 40.Nxe5 Rc5
41.Bc4 Rxe5 42.Bxf7 Kg7 43.Bc4 g5 44.hxg5 Rxg5 45.Kg2 h4 46.Kf3
h3 47.Bf1 Rh5 48.b4 h2 49.Bg2 h1Q 50.Bxh1 Rxh1 51.Ke4 Ra1 52.Kd5
Rxa3 53.b5 Rf3 54.b6 Rxf2 55.b7 Rb2 56.Kc6 Kg6 57.Kc7 Rxb7+ 1/2-1/2

[Event "Moscow Open 2009 C"]
[Site "?"]
[Date "2009.02.08"]
[Round "9.47"]
[White "Sorokina, Nadejda"]
[Black "Chasovnikova, Eugenia"]
[Result "0-1"]
[WhiteElo "1870"]
[BlackElo "2302"]
[Annotator ""]
[Source ""]
[Remark ""]

1.e4 c6 2.d4 d5 3.Nc3 dxe4 4.Nxe4 Bf5 5.Ng3 Bg6 6.h4 h6 7.Nf3
Nd7 8.h5 Bh7 9.Bd3 Bxd3 10.Qxd3 Ngf6 11.Bf4 Qa5+ 12.Bd2 Qc7 13.O-O
e6 14.Rad1 Bd6 15.Nh4 Bxg3 16.fxg3 O-O-O 17.b4 Qb6 18.Be3 Qxb4
19.Rb1 Qa4 20.Qc3 Nb6 21.Qb2 Rd7 22.c3 Nxh5 23.g4 Nf6 24.g5 hxg5
25.Bxg5 Qa5 26.Nf3 Ne4 27.Bf4 Qh5 28.Bh2 Nc4 29.Qe2 Ncd2 30.g3
Nxf3+ 31.Rxf3 Nxc3 32.Qf2 Nxb1 0-1

[Event "Moscow Open 2009 C"]
[Site "?"]
[Date "2009.02.08"]
[Round "9.48"]
[White "Larina, Marija"]
[Black "Saduakassova, Dinara"]
[Result "0-1"]
[WhiteElo "2109"]
[BlackElo "1850"]
[Annotator ""]
[Source ""]
[Remark ""]

1.e4 c5 2.Na3 Nc6 3.c3 Nf6 4.Qa4 e6 5.Bb5 Qc7 6.Nf3 d5 7.e5 Nd7
8.Bxc6 bxc6 9.O-O c4 10.b4 Bb7 11.d4 cxd3 12.b5 Nc5 13.Qd4 Nd7
14.Re1 Qa5 15.bxc6 Bxc6 16.Nb1 Nc5 17.Ba3 Qb6 18.Nbd2 Ne4 19.Bxf8
Rxf8 20.Nxe4 dxe4 21.Rxe4 Bxe4 22.Qxe4 Rd8 23.Qa4+ Rd7 24.Nd4
Qc5 25.Rb1 Qxc3 26.Nc6 f6 27.Nb8 Rff7 28.h3 Qc2 29.Qb3 Qxb3 30.axb3
Rd5 31.Nc6 a5 32.Kf1 Rc7 33.Nb8 Rb5 34.Na6 Rc6 35.exf6 gxf6 36.Rd1
Rxa6 37.Rxd3 Rab6 0-1

[Event "Moscow Open 2009 C"]
[Site "?"]
[Date "2009.02.08"]
[Round "9.49"]
[White "Semenova, Anastasia"]
[Black "Khropova, Larisa"]
[Result "1/2-1/2"]
[WhiteElo "1840"]
[BlackElo "2060"]
[Annotator ""]
[Source ""]
[Remark ""]

1.e4 d5 2.exd5 Qxd5 3.Nc3 Qa5 4.Bc4 Nf6 5.d3 Bg4 6.f3 Bh5 7.g4
Bg6 8.Qe2 Nc6 9.f4 Nd4 10.Qg2 e6 11.Nf3 Bc5 12.Nxd4 Bxd4 13.Bd2
Qb6 14.Na4 Qd6 15.O-O-O O-O-O 16.h4 h5 17.f5 exf5 18.gxf5 Bxf5
19.Bxf7 Bg4 20.Rde1 Kb8 21.Nc3 a6 22.Bg6 Rhf8 23.Rhf1 Qd7 24.Rf4
Qd6 25.Rff1 Qd7 1/2-1/2

[Event "Moscow Open 2009 C"]
[Site "?"]
[Date "2009.02.08"]
[Round "9.50"]
[White "Baraeva, Marina"]
[Black "Abdumalik, Zhansaya"]
[Result "1-0"]
[WhiteElo "2009"]
[BlackElo "1400"]
[Annotator ""]
[Source ""]
[Remark ""]

1.d4 Nf6 2.c4 c5 3.Nf3 g6 4.Nc3 cxd4 5.Nxd4 Bg7 6.g3 a6 7.Bg2
Qc7 8.Qd3 d6 9.O-O O-O 10.b3 Nbd7 11.Bb2 Nc5 12.Qd2 Bd7 13.Rac1
Bc6 14.Nxc6 bxc6 15.b4 Nb7 16.a4 Qd7 17.Rfd1 Rab8 18.Qd3 a5 19.b5
Nc5 20.Qc2 cxb5 21.cxb5 Rfc8 22.Bc6 Qa7 23.Na2 Ne6 24.Nc3 Nd4
25.Rxd4 Qxd4 26.Nd1 Qb6 27.Ne3 d5 28.Be5 Rb7 29.Qb2 Ra7 30.Bd4
Qb8 31.b6 Ra6 32.Qb5 Rxb6 33.Qxb6 Qxb6 34.Bxb6 Nd7 35.Bxa5 Nb8
36.Nxd5 Bf8 37.Nb4 1-0